[Event "Tournoi francophone 007 Groupe D"]
[Site "Skype"]
[Date "????.??.??"]
[Round "7.2"]
[White "Vervoort, Jean-Louis"]
[Black "Battaglia, Gabriele"]
[Result "1-0"]
[WhiteElo "1307"]
[BlackElo "1264"]
[PlyCount "133"]

1. d4 d5 2. c4 c6 3. Nc3 Nf6 4. Bg5 Nbd7 5. e3 e5 6. Qe2 Bb4 7. a3 Bxc3+ 8.
bxc3 O-O 9. Nf3 Re8 10. Qc2 exd4 11. cxd4 Qa5+ 12. Qd2 Qa4 13. cxd5 cxd5 14.
Bd3 h6 15. Bxf6 Nxf6 16. O-O Bg4 17. Bc2 Qd7 18. Qd1 Ne4 19. Ba4 b5 20. Bb3 Nc3
21. Qd3 Rac8 22. Rac1 Bxf3 23. gxf3 Qc7 24. Rc2 Qa5 25. Rfc1 b4 26. axb4 Qxb4
27. Rxc3 Qb7 28. Rxc8 Rxc8 29. Rxc8+ Qxc8 30. Bxd5 Qd8 31. Ba2 Qa5 32. Qc4 Qg5+
33. Kh1 Qf6 34. Qc8+ Kh7 35. Bb1+ g6 36. f4 Kg7 37. d5 Qb2 38. Be4 Qxf2 39. d6
Qe1+ 40. Kg2 Qd2+ 41. Kf3 Qxd6 42. Qc3+ f6 43. Qc4 Qd1+ 44. Kg3 Qg1+ 45. Bg2
Qxe3+ 46. Bf3 Qg1+ 47. Bg2 h5 48. Qc3 h4+ 49. Kf3 Qd1+ 50. Ke3 Qg1+ 51. Kf3
Qd1+ 52. Ke3 Qg1+ 53. Kf3 Qxh2 54. Qc7+ Kh6 55. Bf1 Qg3+ 56. Ke4 Qe1+ 57. Kf3
Qxf1+ 58. Ke3 Qh3+ 59. Ke4 Qf5+ 60. Kf3 h3 61. Qd8 Qh5+ 62. Ke4 f5+ 63. Ke5
Qe2+ 64. Kf6 Qb2+ 65. Kf7 Qg7+ 66. Ke6 h2 67. Qh4# 1-0

[Event "Tournoi francophone 007 Groupe D"]
[Site "Skype"]
[Date "????.??.??"]
[Round "7.3"]
[White "Riviere, Perrine"]
[Black "Bustos, Ricardo"]
[Result "1-0"]
[WhiteElo "1276"]
[BlackElo "1250"]
[PlyCount "73"]

1. e4 c5 2. Nf3 Nc6 3. d4 cxd4 4. Nxd4 Nf6 5. Nxc6 bxc6 6. Nc3 d5 7. exd5 cxd5
8. Bg5 e6 9. Bb5+ Bd7 10. Bxf6 gxf6 11. Qe2 a6 12. Bxa6 Bg7 13. Bb5 O-O 14. O-O
Bc8 15. a3 Bb7 16. Bd3 d4 17. Ne4 f5 18. Ng3 Qd5 19. f3 Rae8 20. Bc4 Qd7 21.
Bb5 Bc6 22. Bxc6 Qxc6 23. Nh5 Bh8 24. Qf2 e5 25. Qg3+ Qg6 26. Qh3 Bg7 27. Nxg7
Qxg7 28. f4 exf4 29. Qxf5 Kh8 30. Qxf4 Rg8 31. Qf6 Qxf6 32. Rxf6 Kg7 33. Rf4
Rd8 34. Kf2 Rde8 35. Re1 Rxe1 36. Kxe1 Rc8 37. c3 1-0

[Event "Tournoi francophone 007 Groupe D"]
[Site "Skype"]
[Date "????.??.??"]
[Round "7.5"]
[White "Moumtaz, Abderrahim"]
[Black "Guillaume, Mickael"]
[Result "0-1"]
[WhiteElo "1338"]
[BlackElo "1282"]
[PlyCount "72"]

1. d4 Nf6 2. c4 e6 3. Nf3 Bb4+ 4. Bd2 Qe7 5. Bxb4 Qxb4+ 6. Qd2 Qxc4 7. e3 Qd5
8. Nc3 Qa5 9. Nb5 Qxd2+ 10. Nxd2 Na6 11. a3 O-O 12. Bd3 c5 13. Nd6 cxd4 14.
exd4 Nb8 15. O-O Nc6 16. Nf3 Ne8 17. Nxe8 Rxe8 18. Ng5 Nxd4 19. Bxh7+ Kf8 20.
Bd3 d5 21. Rfe1 f6 22. Nf3 Nxf3+ 23. gxf3 e5 24. Bg6 Rd8 25. Kg2 d4 26. Rad1
Be6 27. Rd3 Rac8 28. b4 Rc3 29. a4 Rxd3 30. Bxd3 Bb3 31. Rc1 Bxa4 32. Rc7 Bc6
33. b5 Bd5 34. Be4 Bxe4 35. fxe4 d3 36. Kf1 d2 0-1

[Event "Tournoi francophone 007 Groupe D"]
[Site "Skype"]
[Date "????.??.??"]
[Round "8.1"]
[White "Farthouat, Catherine"]
[Black "Guillaume, Mickael"]
[Result "0-1"]
[WhiteElo "1087"]
[BlackElo "1282"]
[PlyCount "62"]

1. c4 e5 2. Nc3 Nf6 3. d3 Bb4 4. Bd2 O-O 5. g3 Nc6 6. Bg2 Nd4 7. a3 Be7 8. Be3
c6 9. Nf3 Nxf3+ 10. Bxf3 d5 11. O-O d4 12. Bd2 dxc3 13. Bxc3 Bh3 14. Re1 Qc7
15. Qc2 Rfd8 16. Rad1 Bc5 17. e3 Bg4 18. Kg2 Bxf3+ 19. Kxf3 Rxd3 20. Rxd3 e4+
21. Ke2 exd3+ 22. Qxd3 Qd7 23. Qc2 Qg4+ 24. f3 Qxc4+ 25. Kf2 Nd5 26. Re2 Nxe3
27. Qd2 Qd5 28. Qc1 Re8 29. b4 Ng4+ 30. Ke1 Bf2+ 31. Kf1 Rxe2 0-1

[Event "Tournoi francophone 007 Groupe D"]
[Site "Skype"]
[Date "????.??.??"]
[Round "8.2"]
[White "Porcabeuf, Jean-Marc"]
[Black "Moumtaz, Abderrahim"]
[Result "0-1"]
[WhiteElo "1224"]
[BlackElo "1338"]
[PlyCount "90"]

1. d4 d5 2. e3 Nf6 3. Nd2 Bf5 4. Ngf3 Nbd7 5. Be2 e6 6. O-O Bd6 7. Nh4 Ne4 8.
Nxf5 exf5 9. Nf3 Ndf6 10. c4 c5 11. cxd5 Nxd5 12. Bc4 Ndf6 13. Qb3 Qe7 14. h3
O-O 15. Ne1 h6 16. f3 Ng3 17. Nd3 Nxf1 18. Kxf1 cxd4 19. exd4 Nh5 20. Be3 Ng3+
21. Kf2 Qh4 22. Ne5 Bxe5 23. dxe5 Ne4+ 24. Ke2 Ng3+ 25. Kd3 Rad8+ 26. Kc3 Ne4+
27. fxe4 Qxe4 28. e6 Rd3+ 29. Kb4 Rxb3+ 30. Kxb3 Qxe3+ 31. Kb4 fxe6 32. Rd1 Qe4
33. a3 a6 34. Kb3 b5 35. Bd5 Qa4+ 36. Ka2 Qxd1 37. Bxe6+ Kh8 38. Bb3 Qd3 39. g4
f4 40. g5 hxg5 41. h4 gxh4 42. a4 bxa4 43. Bxa4 Rb8 44. Bb3 Qxb3+ 45. Ka1 Qxb2#
0-1

[Event "Tournoi francophone 007 Groupe D"]
[Site "Skype"]
[Date "????.??.??"]
[Round "8.3"]
[White "Bustos, Ricardo"]
[Black "Lemoine, Gerard"]
[Result "0-1"]
[WhiteElo "1250"]
[BlackElo "1396"]
[PlyCount "34"]

1. c4 c5 2. Nc3 e6 3. e4 Nc6 4. Nf3 Nd4 5. Nxd4 cxd4 6. Ne2 Nf6 7. Nxd4 Nxe4 8.
d3 Bb4+ 9. Bd2 Bxd2+ 10. Ke2 Nc3+ 11. bxc3 Bxc3 12. Nxe6 fxe6 13. Rc1 Bd4 14.
Ke1 O-O 15. f3 Qh4+ 16. g3 Qh5 17. Be2 Qa5+ 0-1

[Event "Tournoi francophone 007 Groupe D"]
[Site "Skype"]
[Date "????.??.??"]
[Round "8.4"]
[White "Battaglia, Gabriele"]
[Black "Riviere, Perrine"]
[Result "1-0"]
[WhiteElo "1264"]
[BlackElo "1276"]
[PlyCount "63"]

1. Nf3 d5 2. g3 Nf6 3. Bg2 Bg4 4. O-O Nbd7 5. d3 e5 6. Nbd2 c6 7. Re1 Bd6 8. e4
O-O 9. h4 Re8 10. Nf1 Qc8 11. N1h2 Nc5 12. Bg5 Bxf3 13. Qxf3 Nfd7 14. Bh3 Be7
15. Bd2 h6 16. Ng4 Qc7 17. exd5 Nf6 18. dxc6 bxc6 19. Nxe5 Bd6 20. Nxc6 Qb7 21.
Bg2 Qxb2 22. Nb4 Rab8 23. Rab1 Rxe1+ 24. Bxe1 Qxb1 25. Qe2 a5 26. Nd5 Rb2 27.
Nxf6+ gxf6 28. Qg4+ Kf8 29. Qc8+ Ke7 30. Bc6 Qxe1+ 31. Kg2 Rxc2 32. Qe8# 1-0

[Event "Tournoi francophone 007 Groupe D"]
[Site "Skype"]
[Date "????.??.??"]
[Round "9.1"]
[White "Vervoort, Jean-Louis"]
[Black "Farthouat, Catherine"]
[Result "1-0"]
[WhiteElo "1307"]
[BlackElo "1087"]
[PlyCount "63"]

1. d4 d5 2. c4 e6 3. Nc3 Nf6 4. Bg5 Be7 5. Bxf6 Bxf6 6. e3 Nd7 7. cxd5 exd5 8.
Nxd5 Be7 9. a3 b6 10. Nf3 Bb7 11. Nc3 a6 12. Bd3 Nf6 13. O-O O-O 14. Rc1 Rc8
15. Qc2 g6 16. Ne5 Kg7 17. f4 Nd5 18. Nxd5 Bxd5 19. Rf2 c5 20. Qd1 Be6 21. g4
f6 22. f5 Bd5 23. Nf3 c4 24. Bc2 Qc7 25. fxg6 hxg6 26. Nh4 b5 27. Nxg6 Rfe8 28.
Qf1 Qd6 29. Nxe7 Qxe7 30. g5 fxg5 31. Qh3 Rc6 32. Qh7# 1-0

[Event "Tournoi francophone 007 Groupe D"]
[Site "Skype"]
[Date "????.??.??"]
[Round "9.3"]
[White "Lemoine, Gerard"]
[Black "Battaglia, Gabriele"]
[Result "1-0"]
[WhiteElo "1396"]
[BlackElo "1264"]
[PlyCount "99"]

1. d4 d5 2. c4 e6 3. Nf3 Nf6 4. Bg5 h6 5. Bh4 Be7 6. Nc3 Nc6 7. e3 O-O 8. Bd3
a5 9. Bg3 b6 10. Nb5 Bd6 11. Qc2 Ne4 12. Bxd6 cxd6 13. cxd5 exd5 14. Qxc6 Be6
15. Qc2 Rc8 16. Nc3 Nxc3 17. bxc3 b5 18. Bxb5 Qb6 19. Rb1 Qc7 20. Kd2 Qe7 21.
Ba4 Qf6 22. Rb5 Bd7 23. Rxa5 Bg4 24. Qd1 Qf5 25. Bc2 Qh5 26. h3 Bxf3 27. Qxf3
Qxf3 28. gxf3 Rc7 29. Rxd5 Rfc8 30. Bf5 Rb8 31. Kd3 g6 32. Be4 f5 33. Bxf5 gxf5
34. Rg1+ Rg7 35. Rg3 Rb2 36. Rxd6 Rxf2 37. Rd8+ Kh7 38. Rxg7+ Kxg7 39. Re8 Rxa2
40. d5 Kf7 41. Re5 Ra5 42. Rxf5+ Ke7 43. Kd4 Kd6 44. Rf6+ Ke7 45. Rxh6 Ra4+ 46.
c4 Kf7 47. d6 Ra1 48. Ke5 Ke8 49. Ke6 Kd8 50. Rh8# 1-0

[Event "Tournoi francophone 007 Groupe D"]
[Site "Skype"]
[Date "????.??.??"]
[Round "9.4"]
[White "Moumtaz, Abderrahim"]
[Black "Bustos, Ricardo"]
[Result "0-1"]
[WhiteElo "1338"]
[BlackElo "1250"]
[PlyCount "36"]

1. d4 Nf6 2. c4 e5 3. dxe5 Ng4 4. Bf4 Nc6 5. h3 Ngxe5 6. Nc3 Nxc4 7. Qb3 d5 8.
e4 N6a5 9. Qa4+ Bd7 10. Qc2 Bb4 11. Nge2 c6 12. a3 Be7 13. b4 d4 14. Nxd4 c5
15. Nf3 cxb4 16. axb4 Bxb4 17. Bxc4 Nxc4 18. Qa4 Bxa4 0-1

[Event "Tournoi francophone 007 Groupe D"]
[Site "Skype"]
[Date "????.??.??"]
[Round "9.5"]
[White "Guillaume, Mickael"]
[Black "Porcabeuf, Jean-Marc"]
[Result "1-0"]
[WhiteElo "1282"]
[BlackElo "1224"]
[PlyCount "49"]

1. d4 d5 2. c4 e6 3. Nc3 h6 4. cxd5 Nf6 5. dxe6 Bxe6 6. e4 Nc6 7. d5 Bg4 8. Qa4
Nxe4 9. Qxe4+ Ne7 10. Qxg4 Nxd5 11. Qe2+ Be7 12. Qb5+ c6 13. Qxb7 O-O 14. Qxc6
Nf6 15. Nf3 Rc8 16. Qa4 Bc5 17. Be2 Qe7 18. O-O Bb6 19. Re1 Rfd8 20. Ba6 Qc5
21. Be3 Qa5 22. Bxc8 Rxc8 23. Qxa5 Bxa5 24. Bxa7 Ne4 25. Rxe4 1-0